Statistics for Alliteration by Letter - P

Click here to take the quiz!

General Stats

  • This quiz has been taken 32,794 times
    (12,887 since last reset)
  • The average score is 14 of 20

Answer Stats

ClueAnswer% Correct
Table tennisPing Pong
98%
Resident of Never Never LandPeter Pan
93%
Thanksgiving dessert optionPumpkin Pie
88%
Friend that one corresponds with via mailPen Pal
86%
Spider-Man's alter egoPeter Parker
86%
Sound of babies' footstepsPitter Patter
77%
Toughest part of a driving test?Parallel Parking
75%
Inspector Clouseau moviePink Panther
74%
What Peter Piper picked a peck ofPickled Peppers
73%
He led away a village's rats -
and then its children
Pied Piper
70%
"Th-th-th-that's all folks!"Porky Pig
69%
Roman official who authorized
the execution of Jesus
Pontius Pilate
67%
What causes you to follow
your friends off a cliff
Peer Pressure
67%
Words that often come before
"no trespassing"
Private Property
63%
Despostic Khmer Rouge leaderPol Pot
54%
Best place for a car at the start of a racePole Position
52%
To feign death in the manner
of a certain marsupial
Play Possum
50%
Killjoy; wet blanket; spoilsportParty Pooper
49%
Painter of "Les Demoiselles d'Avignon"Pablo Picasso
47%
Messy friend of Charlie BrownPig-Pen
42%

Score Distribution

Percentile by Number Answered

Percent of People with Each Score

Your Score History

You have not taken this quiz since the last reset